| 000 | 00627nam a22001695i 4500 | ||
|---|---|---|---|
| 001 | 175422 | ||
| 003 | ES-MaACL | ||
| 005 | 20230906215825.0 | ||
| 008 | 101027s1851 fr |||| | fre d | ||
| 080 | _a621.39 | ||
| 100 | 1 |
_aMayer, M. _9143742 |
|
| 245 | 1 | 0 |
_aNotice sur la télégraphie électrique en général, et plus spécialmente sur la télégraphie électrique souterraine _b: suivie de la législation sur le télégraphes, en France, en Prusse et en Belgique / _cpar M. Mayer. |
| 260 |
_aParis : _bBachelier, _c1851. |
||
| 300 |
_a43 p. ; _c19 cm. |
||
| 650 | 4 |
_aTelégrafo. _917430 |
|
| 852 |
_aES-MaACL _jT-18-F-5 |
||
| 999 |
_c175422 _d175422 |
||